000 00472nam a22001337a 4500
082 _aMSIT-12
100 _aZara Hassan
_9100576
245 _aReasoning about requirements at run-time using AI planning techniques
260 _aIslamabad
_bNUST-SEECS
_c2014
300 _a45
_b30cm
500 _aSupervisors:Dr. Nauman Ahmed Qureshi, Dr. Hamid Mukhtar, Dr. Kashif Sharif, Dr. Awais Shibli
856 _uhttp://10.250.8.41:8080/xmlui/handle/123456789/10119
942 _cPR
_2ddc
999 _c13199
_d13199